Fahrenheit 451
Esta película está basada en la novela homónima de Ray Bradbury. -- Fahrenheit 451 es la temperatura a la que arde el papel de los libros. En un futuro opresivo Guy Montag, un disciplinado bombero encargado de quemar los libros prohibidos por el gobierno, conoce a una revolucionaria maestra que se a...
Guardado en:
| Autor Principal: | |
|---|---|
| Autor Corporativo: | |
| Otros Autores: | , , , , |
| Formato: | |
| Idioma: | Undetermined |
| Publicado: |
Reino Unido :
Universal Pictures,
1966.
|
| Materias: | |
| Etiquetas: |
Agregar Etiqueta
Sin Etiquetas, Sea el primero en etiquetar este registro!
|
| LEADER | 01398ngm a22002655a 4500 | ||
|---|---|---|---|
| 001 | CEM.cems020528 | ||
| 008 | 231005s1966####mx#---############vlund#d | ||
| 005 | 20231005213854.0 | ||
| 245 | 1 | 0 | |a Fahrenheit 451 |h [videograbación] / |c François Truffaut. |
| 260 | |a Reino Unido : |b Universal Pictures, |c 1966. | ||
| 300 | |a 112'. | ||
| 520 | |a Esta película está basada en la novela homónima de Ray Bradbury. -- Fahrenheit 451 es la temperatura a la que arde el papel de los libros. En un futuro opresivo Guy Montag, un disciplinado bombero encargado de quemar los libros prohibidos por el gobierno, conoce a una revolucionaria maestra que se atreve a leer. Poco a poco Guy comenzará a tener dudas sobre su libertad intelectual, y sobre el precio que esta libertad tendría sobre su seguridad personal. | ||
| 590 | |a Identificación anterior: 218 | ||
| 538 | |a Soporte: DVD -- Formato: AVI Peso: 700 mb -- Resolución: 512 x 384 -- 23.98 fps | ||
| 500 | |a Idioma: Inglés -- Subtítulo: Español. | ||
| 100 | 1 | |a Truffaut, François. | |
| 700 | 1 | |a Bradbury, Ray; Novela. | |
| 700 | 1 | |a Herrmann, Bernard; Música. | |
| 700 | 1 | |a Werner, Oskar; Reparto. | |
| 700 | 1 | |a Christie, Julie ; Reparto. | |
| 700 | 1 | |a Cusack, Cyril; Reparto. | |
| 710 | 2 | |a Universal Pictures. | |
| 653 | |a LARGOMETRAJE | ||
| 653 | |a FICCIÓN | ||
| 859 | |a CEMS |b BIB. CEMS - Depto. Recursos Didacticos |h 778.5 |i TRU-2 |k DRD |p 3162.23 |t Ej.1 | ||
